000
00290nam a22001337a 4500
008
181022b xxu||||| |||| 00| 0 eng d
020
_a
9780029087527
041
_a
eng
080
_a
941
100
_a
17
101
_a
HIS
245
_a
Chinese Civilization
_c
Ebrey, P.B
942
_2
udc
_c
BK
999
_c
50528
_d
50528